header

The Trouble With Violet (Record no. 261920)

MARC details
000 -LEADER
fixed length control field 00216nam a22000977a 4500
020 ## - INTERNATIONAL STANDARD BOOK NUMBER
ISBN 9780439872461
100 ## - MAIN ENTRY--AUTHOR NAME
Personal name Anne Mazer
245 ## - TITLE STATEMENT
Title The Trouble With Violet
260 ## - PUBLICATION, DISTRIBUTION, ETC. (IMPRINT)
Place of publication New York
Name of publisher Scholastic
Year of publication 2007
942 ## - ADDED ENTRY ELEMENTS (KOHA)
Koha item type Long Loan Books
Holdings
Withdrawn status Lost status Home library Current library Date acquired Koha item type Collection code Shelving location Accession Number
    Rongo University Library Rongo University Library 28/11/2023 Long Loan Books      
    Rongo University Library Rongo University Library 28/11/2023 Long Loan Books Fiction Children's Area CL6362021

© 2026 Rongo University
Contact us: librarian | system librarian | Rongo university